Guess Taylor Swift's track 1's - Statistics

General Stats
  • This quiz has been taken 39 times
  • The average score is 9 of 11
Answer Stats
Hint Answer % Correct
Fearless Fearless
100%
The Tortured Poets Department Fortnight (feat. Post Malone)
89%
1989 Welcome To New York
89%
Midnights Lavender Haze
86%
reputation ...Ready for it?
86%
folklore The 1
83%
Taylor Swift Tim McGraw
83%
evermore willow
80%
Lover I Forgot That You Existed
77%
Speak Now Mine
77%
Red State Of Grace
77%
No matching quizzes found
Score Distribution
Percent of People with Each Score
Percentile by Number Answered
Your Score History
You have not taken this quiz